| 000 | 00711cam a2200229 4500 | ||
|---|---|---|---|
| 001 | ABS62172 | ||
| 008 | 000000n2000 000 0 eng u | ||
| 035 | _a(Sirsi) u105717 | ||
| 245 | _aRegional survey: East Anglia | ||
| 260 | _c2000 | ||
| 490 |
_aProperty Week _v65(15) 14 April 2000, 66-84(7) |
||
| 590 | _aABS | ||
| 650 | _aEAST ANGLIA | ||
| 650 | _aNORWICH | ||
| 650 | _aCAMBRIDGE | ||
| 650 | _aBURY ST EDMUNDS | ||
| 650 | _aPROPERTY-COMMERCIAL PROPERTY-OFFICE PROPERTY-OFFICE PROPERTY MARKET | ||
| 650 | _aPROPERTY-COMMERCIAL PROPERTY-RETAIL PROPERTY-RETAIL PROPERTY MARKET | ||
| 650 | _aINDUSTRIAL MARKET | ||
| 690 | _aPROPERTY-COMMERCIAL PROPERTY-COMMERCIAL PROPERTY MARKET | ||
| 942 | _n0 | ||
| 999 |
_c63309 _d63309 |
||